Normal view
MARC view
- Dr. Muhammad Jamaluddin
Entry Personal Name
001 - CONTROL NUMBER
- control field: 29091
003 - CONTROL NUMBER IDENTIFIER
- control field: NUST
005 - DATE AND TIME OF LATEST TRANSACTION
- control field: 20200319144617.0
008 - FIXED-LENGTH DATA ELEMENTS
- fixed length control field: 200319|| aca||aabn | a|a d
040 ## - CATALOGING SOURCE
- Original cataloging agency: NUST
- Transcribing agency: NUST
100 ## - HEADING--PERSONAL NAME
- Personal name: Dr. Muhammad Jamaluddin
670 ## - SOURCE DATA FOUND
- Source citation: Work cat.: (NUST): Muhammad Zeeshan Haider 29090, Barriers of Public Private Partnership (PPP) Infrastructure Project in Pakistan /, 2018.
